000 00445nam a22001457a 4500
020 _a9221188597
082 _a368.45SOC
100 _aSocial Security Pensions
245 _aSocial Security Pensions:development and reform
260 _aGeneva
_bInternational Labour Office
_c2000
300 _axxv;,769p.
_bill,24cm.
500 _ainclude glossary,bibliography,index.
650 _aSocial Security Pensions,development and reform
942 _cBK
999 _c17160
_d17160